000
00337nam a2200145Ia 4500
003
OSt
005
20240213103045.0
008
170524s9999 xx 000 0 und d
020
_a
9382174419
040
_c
IIMT
100
_a
CHAUHAN- B. S.
245
0
_a
APPLIED CHEMISTRY (HINDI)
260
_b
NEW DELHI: VAYU EDUCAION
942
_2
ddc
_c
02
999
_c
7571
_d
7571